History Quiz

Random History or Clickable Quiz

1950s Click-in-the-Blank Quiz Stats

 Plays Quiz Updated Mar 3, 2017

Support Sporcle.
Go Orange.
Score 0/30 Timer 06:00
1 Play Today
% Correct
Elizabeth
96.9%
Hawaii
96.6%
Polio
96.6%
Blondes
96%
Brooklyn
95.9%
Hotel
95.4%
Helsinki
95.3%
Leap
95.1%
Khrushchev
95%
Music
95%
Monaco
94.6%
Goode
94.6%
Korean
94.5%
Fahrenheit
93.6%
Zhivago
92.5%
% Correct
Train
91.4%
Brown
89.7%
Domino
89.6%
Egypt
89.4%
Waterfront
89.2%
Hungarian
88.5%
Uruguay
88.1%
Bus
87.7%
Batista
83.6%
Kenya
83.1%
Bannister
82.9%
Ben-Gurion
81.8%
Achebe
78.9%
Crick
76.7%
Tito
70.2%

You're not logged in!

Compare scores with friends on all Sporcle quizzes.
OR
Log In

From the Vault

US Presidents by Year of Death

by grapefruitking

Usually when people talk about dead presidents, you can safely assume they're bank robbers.
Remove Ads.
Support Sporcle.
Get the best of Sporcle when you Go Orange. This ad-free experience offers more features, more stats, and more fun while also helping to support Sporcle. Thank you for becoming a member.

Show Comments

Extras

Top Quizzes Today


Score Distribution

Your Account Isn't Verified!

In order to create a playlist on Sporcle, you need to verify the email address you used during registration. Go to your Sporcle Settings to finish the process.

Report this User

Report this user for behavior that violates our Community Guidelines.

Details: